000 00317nam a22001457a 4500
008 221109b ||||| |||| 00| 0 eng d
020 _a2740334658611
041 _aeng
080 _a61
082 _a61 ROV
100 _a4
101 _aMJK
245 _aCHRONIC DISEASE EPIDEMIOLOGY
_cROVITO M
942 _2udc
_cBK
999 _c58833
_d58833